000 00502pab a2200169 454500
008 180718b2006 xxu||||| |||| 00| 0 eng d
100 _aDatta, Mowsume Bose Roy
245 _aSome aspects of gond women with reference to empowerment: a study in Samarboh village under Chhindwara district of Madhya Pradesh
260 _c2006
300 _ap.357-65.
362 _aJul-Dec
650 _aWomen - India - Madhya Pradesh
650 _aWomen
773 _aMan in India
908 _aN
909 _a75798
999 _c75798
_d75798